Theory of Hp spaces /

Guardado en:
Autor Principal: Duren, Peter L., 1935-
Formato: Libro
Idioma:English
Publicado: New York : Academic Press, 1970.
Series:Pure and applied mathematics (Academic Press) ; 38.
Etiquetas: Agregar Etiqueta
Sin Etiquetas, Sea el primero en etiquetar este registro!
LEADER 00675cam a22001935 4500
001 MAT.inmabb002032
008 700921s1970####nyu######b####001#0#eng#d
005 20160803113446.0
245 1 0 |a Theory of Hp spaces /  |c Peter L. Duren. 
260 |a New York :  |b Academic Press,  |c 1970. 
300 |a xii, 258 p. ;  |c 24 cm. 
490 1 |a Pure and applied mathematics; a series of monographs and textbooks ;  |v v. 38 
504 |a Bibliografía: p. [237]-251. 
510 4 |a MR,  |c 42 #3552 
100 1 |a Duren, Peter L.,  |d 1935- 
830 0 |a Pure and applied mathematics (Academic Press) ;  |v 38. 
084 |a 46J15 (30D55)  |2 msc2000 
010 |a  74117092  
859 |h 46  |i D955  |p A-3679  |b BIB. MATEMATICA